[Event "AUT-ch U08"]
[Site "Woerth"]
[Date "2015.06.07"]
[Round "7.8"]
[White "Unterrieder, Romano"]
[Black "Zangerl, Simon"]
[Result "1-0"]
[WhiteElo "923"]
[BlackElo "961"]
[PlyCount "59"]
[EventDate "2015.06.05"]
[EventType "swiss"]
[EventRounds "7"]
[EventCountry "AUT"]
[SourceTitle "EXT 2024"]
[Source "ChessBase"]
[SourceDate "2023.10.10"]
[SourceVersion "1"]
[SourceVersionDate "2023.10.10"]
[SourceQuality "1"]

1. e4 e5 2. Nf3 Nc6 3. Bc4 Nf6 4. Nc3 Bc5 5. 0-0 d6 6. d3 Bg4 7. h3 Be6 8. Bxe6 fxe6 9. Bg5 Qe7 10. Nb5 0-0-0 11. c3 Rdg8 12. b4 Bb6 13. a4 a6 14. Na3 h6 15. Bxf6 gxf6 16. a5 Ba7 17. b5 axb5 18. Nxb5 Qg7 19. Nh4 Bb8 20. Qc2 Ne7 21. a6 bxa6 22. Rxa6 Ng6 23. Nf3 Nf4 24. g3 Kd8 25. Ra8 Kc8 26. Qa2 Nxh3+ 27. Kh2 Nf4 28. Na7+ Kb7 29. Nb5 Ne2 30. Qa6# 1-0